000 00609nam a2200229Ia 4500
003 OSt
005 20220928114532.0
006 a|||||r|||| 00| 0
007 ta
008 220927b |||||||| |||| 00| 0 eng d
024 _a63310
037 _cTextual
040 _aSDCL
_cSDCL
_beng
041 _2eng
_aeng
082 _aR3xC5, J2
100 _aFreeman Kathleen
_9439509
245 0 _aAncilla to the pre-socratic philosophers.
260 _aOxford
_bBasil Blackwell
_c1952
300 _ax,162p.
_ccm.
942 _hR3xC5, J2
_cTEXL
_2CC
999 _c755194
_d755194